000
00335 a2200157 4500
001
59761
020
_a
9783442243952
040
_c
Anchieta - Pituba
100
_a
Canavan, Trudi
240
1
0
_a
Die novizin
_l
por
245
1
0
_a
Die novizin
300
_a
605
362
0
_a
2006
650
4
_a
Literatura juvenil em alemão
942
_c
BK
999
_c
59761
_d
59761